[Event "Challenge"]
[Site "http://www.queenalice.com/game.php?id=11400"]
[Date "2005.4.28"]
[Round "-"]
[White "mrburnsjr"]
[Black "thepriceoflifeisdeath"]
[Result "0-1"]
[WhiteElo "750"]
[BlackElo "1207"]

1. Nc3 d5 2. Nxd5 Qxd5 3. d3 e5 4. Nf3 Nf6 5. d4 e4 6. h4 exf3 7. gxf3 Bb4+ 8.
Bd2 Qxd4 9. e3 Bxd2+ 10. Qxd2 Qxd2+ 11. Kxd2 a6 12. Ke1 b5 13. Rd1 Bb7 14. Rh3
Nh5 15. Rd4 Nc6 16. Rg3 Nxg3 17. fxg3 Nxd4 18. exd4 Bxf3 19. a3 O-O 20. d5 Rfe8+
21. Kf2 Bxd5 22. Kg1 Re1 23. Kh2 Rxf1 24. Kh3 Be6+ 25. Kh2 f5 26. Kg2 Rc1 27. c3
Bd5+ 28. Kh3 Rh1# 0-1

[Event "Challenge"]
[Site "http://www.queenalice.com/game.php?id=11544"]
[Date "2005.4.29"]
[Round "-"]
[White "thepriceoflifeisdeath"]
[Black "Eagle"]
[Result "0-1"]
[WhiteElo "1184"]
[BlackElo "1307"]

1. d4 d5 2. Nf3 h6 3. e3 a6 4. Nc3 c6 5. Bd3 Nf6 6. O-O g5 7. g4 Bxg4 8. Be2 Bg7
9. Ne5 Bxe2 10. Qxe2 Nbd7 11. Nxd7 Qxd7 12. f3 Qh3 13. Qg2 Qxg2+ 14. Kxg2 b5 15.
b4 O-O 16. Kf2 Nd7 17. e4 Bxd4+ 18. Be3 Bxc3 19. Rad1 Bxb4 20. f4 gxf4 21. Bxf4
Bc5+ 22. Be3 f5 23. Rg1+ Kh8 24. exd5 Rg8 25. dxc6 Bxe3+ 26. Kxe3 Nb6 27. Rxg8+
Rxg8 28. Rd6 Nc4+ 0-1

[Event "Challenge"]
[Site "http://www.queenalice.com/game.php?id=12471"]
[Date "2005.5.9"]
[Round "-"]
[White "thepriceoflifeisdeath"]
[Black "James_Beresford"]
[Result "1-0"]
[WhiteElo "1249"]
[BlackElo "827"]

1. d4 d5 2. Bf4 c6 3. Nf3 f6 4. e3 g5 5. Bxb8 Rxb8 6. Nc3 Bh6 7. a3 g4 8. Nh4 a6
9. h3 f5 10. Bd3 e6 11. hxg4 fxg4 12. Qxg4 Nf6 13. Bg6+ hxg6 14. Qxg6+ Ke7 15.
Nf3 Qd6 16. Rxh6 Rxh6 17. Qxh6 c5 18. Qg7+ Kd8 19. Qxf6+ Kd7 20. Qf7+ Kd8 21. b4
cxb4 22. axb4 Qxb4 23. Kd2 Bd7 24. Ne5 1-0

[Event "Challenge"]
[Site "http://www.queenalice.com/game.php?id=12704"]
[Date "2005.5.11"]
[Round "-"]
[White "thepriceoflifeisdeath"]
[Black "victorhg"]
[Result "0-1"]
[WhiteElo "1145"]
[BlackElo "1457"]

1. d4 d5 2. Bf4 e6 3. Nf3 Qf6 4. e3 g5 5. Be5 Qe7 6. Bxh8 Qb4+ 7. Nc3 Qxb2 8.
Na4 Bb4+ 9. Nd2 Qa3 10. Nc5 Qc3 11. Na4 Qa3 12. Nc5 b6 13. Nb3 Nh6 14. Qc1 Qa4
15. a3 Bc3 16. Be5 Ng4 17. Bxc7 Qc6 18. Bxb8 Rxb8 19. Rb1 Qc7 20. Be2 Nf6 21.
O-O e5 22. Bb5+ Bd7 23. Bxd7+ Qxd7 24. dxe5 Bxe5 25. c4 Rc8 26. Qd1 dxc4 27.
Nxc4 Qc7 28. Nd4 Qxc4 29. Nf5 Ng4 30. h3 Nf6 31. Ng7+ Kf8 32. Nf5 g4 33. h4 Qe4
34. Nd6 Bxd6 35. Qxd6+ Kg8 36. Qxf6 g3 37. Qg5+ Qg6 38. Qxg3 Rc2 39. Qxg6+ hxg6
40. Rfc1 Rd2 41. Rc8+ Kg7 42. Kf1 Rd3 0-1

[Event "Challenge"]
[Site "http://www.queenalice.com/game.php?id=13276"]
[Date "2005.5.16"]
[Round "-"]
[White "thepriceoflifeisdeath"]
[Black "Boeing"]
[Result "0-1"]
[WhiteElo "1222"]
[BlackElo "1697"]

1. d4 e6 2. Nf3 c5 3. c3 cxd4 4. cxd4 h6 5. e4 Bb4+ 6. Bd2 Qb6 7. Bxb4 Qxb4+ 8.
Qd2 Nc6 9. a3 Qa5 10. b4 Qh5 11. Nc3 a6 12. e5 Nge7 13. Be2 Qg6 14. Bd3 Qxg2 15.
Ke2 g5 16. Rag1 Qh3 17. Rg3 Qh5 0-1

[Event "Challenge"]
[Site "http://www.queenalice.com/game.php?id=13561"]
[Date "2005.5.18"]
[Round "-"]
[White "thepriceoflifeisdeath"]
[Black "Lionel"]
[Result "0-1"]
[WhiteElo "1246"]
[BlackElo "1610"]

1. d4 Nf6 2. Bf4 d5 3. Nc3 a6 4. Nf3 Bg4 5. h3 Bxf3 6. gxf3 e6 7. e3 Bd6 8. Bxd6
Qxd6 9. Bd3 Nc6 10. e4 dxe4 11. fxe4 Nxd4 12. Rg1 g6 13. Qd2 Nf3+ 14. Ke2 Nxd2
15. Kxd2 Qf4+ 16. Ke1 g5 17. Ne2 Qh4 18. Rg4 Qxh3 0-1

[Event "Challenge"]
[Site "http://www.queenalice.com/game.php?id=13562"]
[Date "2005.5.18"]
[Round "-"]
[White "thepriceoflifeisdeath"]
[Black "Lionel"]
[Result "0-1"]
[WhiteElo "1249"]
[BlackElo "1604"]

1. d4 d5 2. Nc3 Nc6 3. Nf3 Bf5 4. a3 e6 5. Bg5 Be7 6. Bxe7 Ngxe7 7. e3 a6 8. b4
Ng6 9. Bd3 Bxd3 10. Qxd3 Qf6 11. b5 Na5 12. bxa6 Rxa6 13. Nb5 Rc6 14. Rb1 Nc4
15. Na7 Rb6 16. Rxb6 cxb6 17. Nc8 Qd8 0-1

[Event "Challenge"]
[Site "http://www.queenalice.com/game.php?id=14156"]
[Date "2005.5.23"]
[Round "-"]
[White "thepriceoflifeisdeath"]
[Black "VinceFromEde"]
[Result "0-1"]
[WhiteElo "1131"]
[BlackElo "1505"]

1. d4 d5 2. Bf4 Nf6 3. Nf3 e6 4. Nc3 Bb4 5. a3 Ba5 6. b4 Bb6 7. Nb5 a6 8. Nc3
O-O 9. e3 Bd7 10. Bb5 Bxb5 11. Nxb5 axb5 0-1

[Event "Challenge"]
[Site "http://www.queenalice.com/game.php?id=14313"]
[Date "2005.5.25"]
[Round "-"]
[White "thepriceoflifeisdeath"]
[Black "Homer"]
[Result "0-1"]
[WhiteElo "1171"]
[BlackElo "1623"]

1. d4 d5 2. Nc3 Bf5 3. a3 e6 4. Bf4 c5 5. Nf3 Nf6 6. Nb5 Qa5+ 7. Qd2 Qxb5 8. e3
Qxb2 9. Qc1 Qxc1+ 10. Rxc1 cxd4 11. Nxd4 Bxa3 12. Ra1 Bb4+ 13. Kd1 O-O 14. Bd6
Bxd6 0-1